BVB Spieler und ihre Rückennummern - Statistiken

Allgemein
  • Dieses Quiz wurde 687 mal gespielt
  • Das Durchschnittsergebnis liegt bei 14 aus 24
Antwortstatistiken
Hint Antwort % Korrekt
1 Kobel
95%
9 Guirassy
80%
3 Anton
78%
10 Brandt
75%
4 Schlotterbeck
74%
27 Adeyemi
70%
8 Nmecha
68%
5 Bensebaini
66%
14 Beier
64%
2 Couto
63%
7 Reyna
63%
13 Gross
58%
43 Gittens
57%
20 Sabitzer
57%
16 Duranville
54%
23 Can
53%
25 Süle
52%
21 Malen
51%
26 Ryerson
51%
33 Meyer
45%
38 Wätjen
39%
35 Lotka
34%
37 Campbell
32%
42 Kabar
31%
Keine übereinstimmenden Quizze gefunden
Verteilung der Resultate
Anzahl Personen mit jedem Resultat
Perzentil nach korrekt beantworteten Fragen
Ihre Resultats-Entwicklung
Sie haben dieses Quiz noch nicht gespielt